000 01060cam a22002894a 4500
001 3104305
005 20260318103915.0
008 990614s2000 ohu b 001 0 eng
020 _a0538861630
_qhardcover : alk. paper
020 _a0324022166
_qsoftcover only
020 _a0324037090
_qpkg: hardcover with student CD-Rom
020 _a0324037104
_qpkg: softcover with student CD-Rom
020 _a0324037155
_qCD-Rom only
020 _a9780538861632
_q(hardcover : alk. paper)
020 _a9780324022162
_q(softcover only)
020 _a9780324037098
_q(pkg: hardcover with student CD-Rom)
020 _a9780324037104
_q(pkg: softcover with student CD-Rom)
020 _a9780324037159
_q(CD-Rom only)
050 0 0 _aHD31
_b.W5167 2000
082 0 0 _a658
_221
100 1 _aWilliams, Chuck,
_d1959-
245 1 0 _aManagement /
_cChuck Williams.
260 _aCincinnati, Ohio :
_bSouth-Western College Pub.,
_c2000.
300 _axxv, 821 p. :
_bcol. ill. ;
_c29 cm. +
_e1 computer optical disc (4 3/4 in.)
650 0 _aManagement.
942 _2lcc
_cBK
_n0
999 _c9096
_d9096